000 00589 a2200193 4500
001 62643
005 20260407155920.0
008 260407a1972 arg spa d
003 AR-UNSa-BCEJYS
040 _aAR-UNSa-BCEJYS
_bspa
_cAR-UNSa-BCEJYS
080 _a351.941
_xControl por tribunales civiles. Defensor del pueblo
245 1 0 _aLa institución del comisionado parlamentario
_p(El Ombudsman)
264 1 _aBuenos Aires :
_bPlus Ultra
_c1972
300 _a106 p.
_c20 cm.
041 _aspa
942 _cBK
590 _aniveau_biblio:m niveau_hierar:0
100 1 _aPadilla, Miguel M.
999 _c7743
_d7743